000 00536cam a2200193ua 4500
020 _c6.00
041 _aeng
_h
082 _a530
_bFEY/FE
100 _aFeynman, Richard P.
245 _aFeynman lectures on physics: The electromagnetic field, Vol.II /
_cRichard Feynman.
_hTextual Documents
260 _aLondon :
_bAddison-Wesley Publishing Company ,
_c1966.
300 _a337 ; .
365 _a6.00
504 _a
700 1 _aLeighton, Robert B .
700 1 _aSands, Matthew .
942 _cBK
999 _c7651
_d7651